000 01785nab a2200241 a 4500
005 20241016063845.0
008 991125c2018 sp ar p o 000 0 spa d
035 _aUPN01000225670
040 _aUPN
_bspa
_cUPN
_eaacr2
049 _aART-E
100 1 _aSaltzmann Gagneten, Lucrecia
_6- lucreciasaltzmann@hotmail.com
245 1 0 _aAutonomía subsumida: género y precariedad entre las comerciantes minoristas de la ciudad de Quito = Subsumed autonomy: gender and precariousness among the retailers of the city of Quito
_h[recurso electrónico en línea]
506 0 _aAcceso abierto
520 3 _aEste artículo se presenta como una instancia reflexiva sobre un concepto trabajado en la tesis de maestría, el de “autonomía subsumida”. Tomando como referente empírico las mujeres que participan de una asociación de comerciantes minoristas al sur de la ciudad de Quito, se reflexiona sobre las particularidades de este tipo de trabajo, incorporando para ello una perspectiva de género. El análisis de esta realidad permite concluir que entre las mujeres tiene lugar una “autonomía subsumida”, es decir la posibilidad de independencia económica y de administración de sus tiempos de trabajo, pero siempre subsumida a la división sexual del trabajo socialmente estipulada, lo cual no representa una posibilidad radical de emancipación, pero permite a las mujeres cierto margen de acción.
650 4 _aGénero
_95712
653 0 _aTrabajo informal
653 0 _aPrecariedad laboral
653 0 _aQuito, Ecuador
773 _gNo. 13 (2018), p. 153-170
_tCuestiones de género : de la igualdad y la diferencia
_x1699-597X
856 4 _uhttp://revpubli.unileon.es/ojs/index.php/cuestionesdegenero/article/view/5348/4203
905 _aArticulo
942 _cART-E
999 _c197766
_d197766